| 000 | 00379nam a2200145Ia 4500 | ||
|---|---|---|---|
| 008 | 230917s9999||||xx |||||||||||||| ||und|| | ||
| 040 |
_e1016 _aMAIN |
||
| 041 | _aEnglish | ||
| 082 | _a589.2 B934M | ||
| 100 | _aBurnett, J H | ||
| 245 | 0 | _aMycogenetics: An introduction to general genetics of fungi | |
| 260 |
_aLondon _bJohn Wiley _c1975 |
||
| 300 | _axiv, 375 p. | ||
| 942 | _cBK | ||
| 999 |
_c38419 _d38419 |
||